Software engineering
Shranjeno v:
| Glavni avtor: | |
|---|---|
| Format: | Knjiga |
| Izdano: |
Pearson
|
| Oznake: |
Brez oznak, prvi označite!
|
MARC
| LEADER | 00000nam a2200000Ia 4500 | ||
|---|---|---|---|
| 005 | 20260515061615.0 | ||
| 100 | |a Sommerville, Ian, | ||
| 020 | |a 9789332582699 | ||
| 942 | |c BK | ||
| 245 | |a Software engineering | ||
| 260 | |b Pearson | ||
| 999 | |c 27 |d 27 | ||
| 952 | |0 0 |1 0 |4 0 |7 0 |a ABDN |b ABDN |d 2026-05-15 |l 0 |p 000021 |r 2026-05-15 06:16:15 |w 2026-05-15 |y BK | ||